House of the Dragon - Which Dragon Killed Which - Statistics

General Stats
  • This quiz has been taken 131 times
  • The average score is 8 of 11
Answer Stats
Dragon Killer % Correct
Meleys Vhagar
98%
Arrax Vhagar
97%
Vhagar Caraxes
94%
Caraxes Vhagar
92%
Seasmoke Vermithor
67%
Vermithor Seasmoke/Tessarion
65%
Moondancer Sunfyre
61%
Tessarion Vermithor
61%
Sunfyre Moondancer
55%
Quicksilver Balerion
53%
Grey Ghost Sunfyre
42%
No matching quizzes found
Score Distribution
Percent of People with Each Score
Percentile by Number Answered
Your Score History
You have not taken this quiz